01273 2200421 4500001002100000005001500021035002000036007000300056008004100059020002200100040002200122082001500144084001700159090001900176100003300195245011400228250003200342300003800374650002300412700002900435700003400464700003600498850001200534264003100546336002100577337003000598338002300628990002000651990002000671990002000691990002000711990002000731990002000751990002000771990002000791990002000811990002000831INLIS00000000089138620241128025305 a0010-1124000348ta241128s2024 yoia b ind d a978-623-8350-86-5 aYOPDYOGbinderda04223a028.55 a028.55 ASI a aK 028.55 ASI a0 aAsih Nur Ismiatunepengarang10aAku bisa buang sampah /cAsih Nur Ismiatun, Anita Rakhman, Arifah A. Riyanto; ilustrator, Rizka Amalia Asdita aCetakan pertama, Maret 2024 avi, 10 halaman :bgambar ;c29 cm 4aBacaan kanak-kanak0 aAnita Rakhmanepengarang0 aArifah A. Riyantoepenyunting0 aRizka Amalia Asditaeilustrator aYOPDYOG31aSleman :bBukunesia,c2024 2rdacontentateks 2rdamediaatanpa perantara 2rdacarrieravolume a47918-PD/A.2024 a47919-PD/A.2024 a47919-PD/A.2024 a47918-PD/A.2024 a47918-PD/A.2024 a47919-PD/A.2024 a47919-PD/B.2024 a47918-PD/A.2024 a47918-PD/B.2024 a47919-PD/B.2024